Mario Kart 7 Charaktere - Statistiken

Allgemein
  • Dieses Quiz wurde 51 mal gespielt
    26 seit der letzten Aktualisierung
  • Das Durchschnittsergebnis liegt bei 12 aus 17
Antwortstatistiken
Charakter % Korrekt
Luigi
100%
Mario
100%
Peach
96%
Daisy
91%
Rosalina
78%
Yoshi
78%
Bowser
74%
Donkey Kong
74%
ShyGuy
70%
Toad
70%
Wario
70%
Koopa
65%
Lakitu
48%
Metall-Mario
43%
Mii
39%
Wiggler
35%
Honigkönigin
26%
Keine übereinstimmenden Quizze gefunden
Verteilung der Resultate
Anzahl Personen mit jedem Resultat
Perzentil nach korrekt beantworteten Fragen
Ihre Resultats-Entwicklung
Sie haben dieses Quiz seit der letzten Aktualisierung nicht gespielt